<?xml version="1.0" encoding="UTF-8"?>
<collection xmlns="http://www.loc.gov/MARC21/slim">
  <record>
    <leader>00000nam  2200000   4500</leader>
    <controlfield tag="001">INLIS000000000015813</controlfield>
    <controlfield tag="005">20230907023405</controlfield>
    <datafield tag="035" ind1="#" ind2="#">
      <subfield code="a">0010-0923000054</subfield>
    </datafield>
    <controlfield tag="007">ta</controlfield>
    <controlfield tag="008">230907################|##########|#|##</controlfield>
    <datafield tag="084" ind1="#" ind2="#">
      <subfield code="a">R 078 PIM II 2022</subfield>
    </datafield>
    <datafield tag="100" ind1=" " ind2="#">
      <subfield code="a">Alexander Koostan Jesaya Kapisa</subfield>
    </datafield>
    <datafield tag="245" ind1="1" ind2="#">
      <subfield code="a">Strategi Kolaborasi Papua Menuju Provinsi Olahraga /</subfield>
      <subfield code="c">Alexander Koostan Jesaya Kapisa</subfield>
    </datafield>
    <datafield tag="250" ind1="#" ind2="#">
      <subfield code="a">1</subfield>
    </datafield>
    <datafield tag="260" ind1="#" ind2="#">
      <subfield code="a">Jakarta :</subfield>
      <subfield code="b">Pusbangkom Pimnas dan Manajerial ASN,</subfield>
      <subfield code="c">2022</subfield>
    </datafield>
    <datafield tag="300" ind1="#" ind2="#">
      <subfield code="a">290 halaman :</subfield>
      <subfield code="b">ilus ;</subfield>
      <subfield code="c">30 cm</subfield>
    </datafield>
    <datafield tag="650" ind1="#" ind2="4">
      <subfield code="a">Olahraga</subfield>
    </datafield>
    <datafield tag="520" ind1="#" ind2="#">
      <subfield code="a">Kelayakan Provinsi Papua sebagai Provinsi Olahraga dapat dilihat dari kesuksesan Pemerintah Provinsi Papua melaksanakan Pekan Olahraga Nasional (PON) XX dan pelaksanaan PEPARNAS (Pekan Paralimpiade Nasional) Tahun 2021. Kelayakan Provinsi Papua sebagai Provinsi Olahraga didukung pula oleh tersedianya Prasarana dan Sarana Olahraga yang bertaraf internasional yang dibangun di berbagai daerah pada saat pelaksanaan PON XX dan PEPARNAS tahun 2021</subfield>
    </datafield>
    <datafield tag="990" ind1="#" ind2="#">
      <subfield code="a">078</subfield>
    </datafield>
  </record>
</collection>
